Rozvoj trhu expresních a kurýrních služeb
Expresné a kuriérske služby ako samostatné odvetvie ekonomiky. Služby s pridanou hodnotou. Čo obsahuje logistický reťazec kuriérskych a expresných služieb. Svetové prvenstvo štyroch kuriérskych spoločností. Budúcnosť trhu kuriérskych a expresných služieb.
Gespeichert in:
| 1. Verfasser: | |
|---|---|
| Weitere Verfasser: | |
| Format: | Buchkapitel |
| Sprache: | Tschechisch |
| Schlagworte: | |
| Tags: |
Keine Tags, Fügen Sie das erste Tag hinzu!
|
MARC
| LEADER | 00000naa$a2200000$$$4500 | ||
|---|---|---|---|
| 001 | 0040395 | ||
| 005 | 20231113115532.2 | ||
| 041 | 0 | |a cze | |
| 044 | |a CZ | ||
| 245 | 1 | 0 | |a Rozvoj trhu expresních a kurýrních služeb |c Libor Švadlenka, Miroslava Švadlenková |
| 520 | |a Expresné a kuriérske služby ako samostatné odvetvie ekonomiky. Služby s pridanou hodnotou. Čo obsahuje logistický reťazec kuriérskych a expresných služieb. Svetové prvenstvo štyroch kuriérskych spoločností. Budúcnosť trhu kuriérskych a expresných služieb. | ||
| 610 | 2 | 0 | |a služby |
| 610 | 2 | 0 | |a doprava |
| 610 | 2 | 0 | |a služby dopravné |
| 610 | 2 | 0 | |a logistika |
| 610 | 2 | 0 | |a zásobovanie |
| 610 | 2 | 0 | |a distribúcia |
| 610 | 2 | 0 | |a tovar |
| 610 | 2 | 0 | |a hodnota pridaná |
| 610 | 2 | 0 | |a spoločnosti |
| 100 | 1 | |a Švadlenka, Libor | |
| 700 | 1 | |a Švadlenková, Miroslava | |